Gaming Quiz

Random Gaming or Board Games Quiz

Clickable Monopoly States Quiz Stats

 Plays Quiz Updated May 28, 2016

Challenge
Share
Tweet
Embed
Score 0/10 Timer 01:00
0 Plays Today
% Correct
Illinois
76.5%
Connecticut
74.5%
Pennsylvania
73.7%
Indiana
72.9%
New York
70.2%
Kentucky
66.6%
Virginia
57.4%
North Carolina
57%
Vermont
56.5%
Tennessee
55%

You're not logged in!

Compare scores with friends on all Sporcle quizzes.
Join for Free
OR
Log In

You Might Also Like...

Show Comments

Extras

Top Quizzes Today


Score Distribution

Your Account Isn't Verified!

In order to create a playlist on Sporcle, you need to verify the email address you used during registration. Go to your Sporcle Settings to finish the process.

Report this User

Report this user for behavior that violates our Community Guidelines.

Details: